000
00308nam a22001337a 4500
020
_a
0-582-02224-X
082
_a
621.483 BEN'E
100
_a
THOMSON, J.R , BENNET, D.J
_9
64812
245
_a
THE ELEMENTS OF NUCLEAR POWER
250
_a
3RD
260
_a
USA
_b
LONGMAN
_c
1989
300
_a
293P
942
_c
BK
999
_c
573196
_d
573196